| 000 | 00838cai a22001815a 4500 | ||
|---|---|---|---|
| 001 | E150355 | ||
| 008 | 100702u xxk g 000 0 eng d | ||
| 035 | _a(Sirsi) u150355 | ||
| 041 | 0 | _aeng | |
| 110 | 2 |
_aUnited Kingdom _bHM Government _95056 |
|
| 245 | 0 | 0 |
_aVisual guide for householders _h[electronic resource] |
| 520 | _aInteractive guides for home owners which provide advice on repairs and alterations to semi-detached and terraced properties. Also includes a series of mini-guides on conservatories, loft conversions, extensions, outbuildings and porches. | ||
| 590 | _aKA | ||
| 651 | 4 |
_aEngland _y886- |
|
| 690 | _aENVIRONMENT AND LAND CONSULTANCY-PLANNING AND DEVELOPMENT | ||
| 856 | 4 | 0 |
_uhttps://www.planningportal.gov.uk/england/government/tools/house/ _zView the website free of charge at www.planningportal.gov.uk |
| 942 | _n0 | ||
| 999 |
_c120866 _d120866 |
||